Science, Conflict and Society /

Guardat en:
Dades bibliogràfiques
Altres autors: Hardin, Garrett (introducción) (introducción), Newman, James R. (autor) (autor)
Format: Llibre
Idioma:anglès
Publicat: San Francisco, EUA : Scientific American : W.H. Freeman and Company, 1969, c1969
Etiquetes: Afegir etiqueta
Sense etiquetes, Sigues el primer a etiquetar aquest registre!

MARC

LEADER 00000nam^a2200000^a^4500
001 000582740
005 20250521000000.0
009 20260310132636.699
020 |a 0-7167-0993-7 
037 |a Acervo ITESO - Biblioteca 
041 |a ING 
091 |a FLG. 01316 
245 0 0 |a Science, Conflict and Society / 
264 4 |a San Francisco, EUA :  |b Scientific American :  |b W.H. Freeman and Company,  |c 1969, c1969 
300 |a 384 p. 
336 |a texto  |b txt  |2 rdacontenido 
337 |a sin mediación  |b n  |2 rdamedio 
338 |a volumen  |b nc  |2 rdasoporte 
649 |a XX 
700 |a Hardin, Garrett  |e (introducción) 
700 |a Newman, James R.  |e (autor) 
910 |a Fondo Luis González de Alba 
920 |a Impresos - Libros 
930 |a Fondos Especiales 
905 |a 141 
901 |a 0500397598  |b IT2  |c ESP  |i D102255  |u 20250521 
902 |a https://opac.biblio.iteso.mx/vufind/Record/000582740